| 000 | 01198nam0a22003251 4500 | ||
|---|---|---|---|
| 001 | RU\NLR\INFOCOMM_253\5000013720 | ||
| 005 | 20250613092954.0 | ||
| 035 | _a(NLR Aleph) 009188248 | ||
| 090 |
_a8614235 _c8614235 |
||
| 100 | _a20100329d1981 |||y0rusy50 ca | ||
| 101 | 0 | _aeng | |
| 102 | _aRU | ||
| 105 | _aa ||||000|y | ||
| 200 | 1 |
_aProgress in multiloop renormalization group calculations _fK. G. Chetyrkin, A. L. Kataev, F. V. Tkachov |
|
| 210 |
_aМосква _cИн-т ядер. исслед. АН СССР _d1981 |
||
| 215 |
_a19 с. _cил. _d29 см |
||
| 225 | 1 |
_aInstitute for nuclear research _fAcad. of sciences of the USSR _vP-0200 |
|
| 320 | _aБиблиогр.: с. 18-19 | ||
| 606 |
_aГруппы (мат.) многопетлевые перенормируемые _xРасчет _2nlr_sh1 |
||
| 686 |
_aВ315.21 _2rubbk |
||
| 700 | 1 |
_9z01790 _aČetyrkin _bK. G. _gKonstantin Grigor'evič _4070 |
|
| 701 | 1 |
_aKataev _bA. L. _4070 |
|
| 701 | 1 |
_9z02790 _aTkačev _bF. V. _4070 |
|
| 790 | 1 |
_9z01700 _aChetyrkin _bK. G. _4070 |
|
| 790 | 1 |
_9z02701 _aTkachov _bF. V. _4070 |
|
| 801 | 1 |
_aRU _bNLR _c20100329 |
|
| 801 | 0 |
_aRU _bNLR _gPSBO |
|
| 852 |
_aNLR _jФз01 Д-8/435 |
||
| 942 | _cBOOK | ||
| 980 | _aNB | ||